| 000 | 00523nam a2200181Ia 4500 | ||
|---|---|---|---|
| 005 | 20250508151256.0 | ||
| 008 | 008 250505s9999 xx 000 0 eng d | ||
| 037 | _aTextual | ||
| 040 |
_aFEDL _beng _cFEDL |
||
| 041 |
_aeng _2eng |
||
| 084 |
_a371.93, KVA _qFEDL |
||
| 100 |
_aKvaranceus William C _9756199 |
||
| 245 | 0 | _aJuvenile delinquency and the school | |
| 260 |
_aSydney _bGeorge G. Harrap and Company Ltd. _c1945 |
||
| 300 | _ax,337p. | ||
| 942 |
_cTEXL _h371.93, KVA |
||
| 999 |
_c1328795 _d1328795 |
||